000 00386nam a2200169Ia 4500
008 210210b2018 xxu||||| |||| 00| 0 eng d
041 _aeng
082 _a891.462 JEKM
100 _aJEKAB (Drimar) Psued jekab Fernandis
245 _aMay ganv
260 _aHonnavar
_b-
_c2018
300 _aix,42
650 _aMay
650 _aganv
690 _aKonkani Drama
906 _a073269
999 _c123148
_d123148